Inflation und Schattenwirtschaft im Sozialismus Bestandsaufnahme, Erklärungsansansätze und Reformvorschläge für die Volksrepublik Polen

Salvato in:
Dettagli Bibliografici
Natura: Libro
Lingua:tedesco
Pubblicazione: Hamburg Steuer- und Wirtschaftsverlag 1989
Edizione:1. Aufl.
Tags: Aggiungi Tag
Nessun Tag, puoi essere il primo ad aggiungerne!!

MARC

LEADER 00000nam a2200000 4500
001 c032393
005 20221215124517.8
041 0 |a ger 
044 |a DE 
245 1 0 |a Inflation und Schattenwirtschaft im Sozialismus  |b Bestandsaufnahme, Erklärungsansansätze und Reformvorschläge für die Volksrepublik Polen 
250 |a 1. Aufl. 
264 1 |a Hamburg  |b Steuer- und Wirtschaftsverlag  |c 1989 
300 |a 637 s.